QUEST Central Library Banner

نقوش رسول صہ (Record no. 64897)

MARC details
000 -LEADER
fixed length control field 00265nam a22001097a 4500
082 ## - DEWEY DECIMAL CLASSIFICATION NUMBER
Classification number 290.4992 ن ق ش
100 ## - MAIN ENTRY--AUTHOR NAME
Personal name محمد طفیل
245 ## - TITLE STATEMENT
Title نقوش رسول صہ
260 ## - PUBLICATION, DISTRIBUTION, ETC. (IMPRINT)
Place of publication لاہور
Name of publisher ادارۂفروخت اردو
Year of publication 1987
300 ## - PHYSICAL DESCRIPTION
Number of Pages 724
942 ## - ADDED ENTRY ELEMENTS (KOHA)
Koha item type Books
Holdings
Withdrawn status Lost status Home library Current library Date acquired Full call number Accession Number Koha item type
    Reference Section Reference Section 03/07/2019 290.4992 ن ق ش (Shelf -19A) R8659 Books

Copyright © 2018,The QUEST, Nawabshah, Shaheed Benazirabad. All rights reserved
Mr. G. Farooq Channar (Librarian) QUEST, Nawabshah, Sindh, Pakistan 67480.
 Ph#: |   0244-9370381-4 Ext. 2308   Email| lib@quest.edu.pk   Web|  http://www.quest.edu.pk